<?xml version="1.0" encoding="UTF-8"?><?xml-stylesheet type="text/xsl" href="static/style.xsl"?><OAI-PMH xmlns="http://www.openarchives.org/OAI/2.0/" xmlns:xsi="http://www.w3.org/2001/XMLSchema-instance" xsi:schemaLocation="http://www.openarchives.org/OAI/2.0/ http://www.openarchives.org/OAI/2.0/OAI-PMH.xsd"><responseDate>2026-04-17T14:49:57Z</responseDate><request verb="GetRecord" identifier="oai:riubu.ubu.es:10259/3866" metadataPrefix="marc">https://riubu.ubu.es/oai/request</request><GetRecord><record><header><identifier>oai:riubu.ubu.es:10259/3866</identifier><datestamp>2021-11-10T09:38:24Z</datestamp><setSpec>com_10259_3593</setSpec><setSpec>com_10259_5086</setSpec><setSpec>com_10259_2604</setSpec><setSpec>col_10259_3594</setSpec></header><metadata><record xmlns="http://www.loc.gov/MARC21/slim" xmlns:doc="http://www.lyncode.com/xoai" xmlns:xsi="http://www.w3.org/2001/XMLSchema-instance" xmlns:dcterms="http://purl.org/dc/terms/" xsi:schemaLocation="http://www.loc.gov/MARC21/slim http://www.loc.gov/standards/marcxml/schema/MARC21slim.xsd">
<leader>00925njm 22002777a 4500</leader>
<datafield tag="042" ind1=" " ind2=" ">
<subfield code="a">dc</subfield>
</datafield>
<datafield tag="720" ind1=" " ind2=" ">
<subfield code="a">García García, Patricia</subfield>
<subfield code="e">author</subfield>
</datafield>
<datafield tag="720" ind1=" " ind2=" ">
<subfield code="a">Rashid, Muhammad A.</subfield>
<subfield code="e">author</subfield>
</datafield>
<datafield tag="720" ind1=" " ind2=" ">
<subfield code="a">Sanjuán Cortázar, Ana María</subfield>
<subfield code="e">author</subfield>
</datafield>
<datafield tag="720" ind1=" " ind2=" ">
<subfield code="a">Fernández Rodríguez, Manuel A.</subfield>
<subfield code="e">author</subfield>
</datafield>
<datafield tag="720" ind1=" " ind2=" ">
<subfield code="a">Sanz Díez, Roberto</subfield>
<subfield code="e">author</subfield>
</datafield>
<datafield tag="260" ind1=" " ind2=" ">
<subfield code="c">2012-09</subfield>
</datafield>
<datafield tag="520" ind1=" " ind2=" ">
<subfield code="a">Dihydrobenzo[a]fluorene derivatives have been prepared by a formal intramolecular [3 + 3] cycloaddition of o-alkynylstyrenes bearing a secondary alkyl group at the β-position of the styrene moiety. The process, catalyzed by a cationic gold(I) complex, involves a 1,2-hydride migration as the key step. 6,11-Dihydro-5H-benzo[a]fluorenes could be obtained from the initially generated 6,6a-dihydro-5H-benzo[a]fluorenes by subsequent heating of the reaction mixture under gold(I) or Brønsted acid catalysis or directly by conducting the reactions at high temperature</subfield>
</datafield>
<datafield tag="024" ind2=" " ind1="8">
<subfield code="a">1523-7060</subfield>
</datafield>
<datafield tag="024" ind2=" " ind1="8">
<subfield code="a">http://hdl.handle.net/10259/3866</subfield>
</datafield>
<datafield tag="024" ind2=" " ind1="8">
<subfield code="a">10.1021/ol3020682</subfield>
</datafield>
<datafield tag="245" ind1="0" ind2="0">
<subfield code="a">Straightforward Synthesis of Dihydrobenzo[a]fluorenes through Au(I)-Catalyzed Formal [3 + 3] Cycloadditions</subfield>
</datafield>
</record></metadata></record></GetRecord></OAI-PMH>